000 01225cam a2200313 a 4500
001 2600615
003 ARRUPE
005 20131022172210.0
008 971218s1999 nyu b 000 0 eng
010 _a 97051341
020 _a0195114663 (cloth : alk. paper)
020 _a0195114671 (paper : alk. paper)
035 _a(DLC) 97051341
040 _aDLC
_cDLC
_dDLC
050 0 0 _aBM601
_b.C66 1998
245 0 0 _aContemporary Jewish theology :
_ba reader /
_cedited by Elliot N. Dorff and Louis E. Newman.
260 _aNew York :
_bOxford University Press,
_c1999.
300 _axvi, 522 p. ;
_c24 cm.
504 _aIncludes bibliographical references (p. 512-514).
650 0 _aJudaism
_xDoctrines.
_92659
650 0 _aJudaism
_y20th century.
_92660
700 1 _aDorff, Elliot N.
_92661
700 1 _aNewman, Louis E.
_92662
856 4 2 _3Publisher description
_uhttp://www.loc.gov/catdir/enhancements/fy0605/97051341-d.html
856 4 1 _3Table of contents only
_uhttp://www.loc.gov/catdir/enhancements/fy0605/97051341-t.html
906 _a7
_bcbc
_corignew
_d1
_eocip
_f19
_gy-gencatlg
942 _2lcc
_cMONOGRAPH
999 _c118382
_d118382